| 000 | 00485nam a2200205Ia 4500 | ||
|---|---|---|---|
| 008 | 210210b1911 xxu||||| |||| 00| 0 eng d | ||
| 041 | _aeng | ||
| 082 | _a544/44 | ||
| 100 | _aDOBBIN (Leonard) | ||
| 245 | _aChemical theory for beginners | ||
| 260 |
_aLondon _bMacmillan & Co. Ltd. _c1911 |
||
| 300 | _a240 | ||
| 650 | _atheory | ||
| 650 | _afor | ||
| 650 | _aChemical | ||
| 650 | _abeginners | ||
| 690 | _aPhysical Chemistry | ||
| 700 | _aWALKER (James) | ||
| 906 | _a009699 | ||
| 999 |
_c127096 _d127096 |
||